Basic intensive psychotherapy / (Record no. 183206)
[ view plain ]
| 000 -LEADER | |
|---|---|
| fixed length control field | 00679 a2200193 4500 |
| 003 - CONTROL NUMBER IDENTIFIER | |
| control field | Nust |
| 005 - DATE AND TIME OF LATEST TRANSACTION | |
| control field | 20221017115757.0 |
| 010 ## - LIBRARY OF CONGRESS CONTROL NUMBER | |
| LC control number | 79024337 |
| 020 ## - INTERNATIONAL STANDARD BOOK NUMBER | |
| International Standard Book Number | 0876302274 |
| 040 ## - CATALOGING SOURCE | |
| Transcribing agency | Nust |
| 082 00 - DEWEY DECIMAL CLASSIFICATION NUMBER | |
| Classification number | 616.8914,REI |
| 100 1# - MAIN ENTRY--PERSONAL NAME | |
| Personal name | Reid, William H., |
| 9 (RLIN) | 100414 |
| 245 10 - TITLE STATEMENT | |
| Title | Basic intensive psychotherapy / |
| Statement of responsibility, etc. | William H. Reid. |
| 260 ## - PUBLICATION, DISTRIBUTION, ETC. | |
| Place of publication, distribution, etc. | New York : |
| Name of publisher, distributor, etc. | Brunner/Mazel, |
| Date of publication, distribution, etc. | c1980. |
| 300 ## - PHYSICAL DESCRIPTION | |
| Extent | xii, 131 p. ; |
| Dimensions | 24 cm. |
| 505 ## - FORMATTED CONTENTS NOTE | |
| Formatted contents note | Principles and Goals (Page-3), The Participants (Page-17), The Therapeutic Setting (Page-31), Opening Phases of Treatment (Page-47), The Middle Phase (Page-67), Termination (Page-109). |
| 650 #0 - SUBJECT ADDED ENTRY--TOPICAL TERM | |
| Topical term or geographic name entry element | Intensive psychotherapy. |
| 9 (RLIN) | 100415 |
| 942 ## - ADDED ENTRY ELEMENTS (KOHA) | |
| Source of classification or shelving scheme | |
| Koha item type | Book |
| Withdrawn status | Lost status | Source of classification or shelving scheme | Damaged status | Not for loan | Permanent Location | Current Location | Shelving location | Date acquired | Full call number | Barcode | Date last seen | Price effective from | Koha item type | Public note |
|---|---|---|---|---|---|---|---|---|---|---|---|---|---|---|
| Military College of Signals (MCS) | Military College of Signals (MCS) | General Stacks | 12/12/2016 | 616.8914,REI | MCS21445 | 12/08/2016 | 12/12/2016 | Book | Almirah No.26, Shelf No.4 |
